000 01299nam0a2200289 4500
001 RU\NLR\bibl\16330
005 20260407024222.0
021 _aRU
_b98-37968
_91820
035 _a(NLR Aleph) 000015956
090 _a66878
_c66878
100 _a19990317d1998 |||y0rusy50 ca
101 0 _arus
102 _aRU
105 _a|||||||||||||
200 1 _aПоловозрастная структура городской телеаудитории России в 1997 году
_fВсерос. гос. телевиз. и радиовещат. компания
_g[Авт.-сост.: А.В. Шариков и др.]
210 _aМ.
_cВГТРК
_d1998
215 _a134 с.
_cграф.
_d21
606 0 _aТелевидение
_xСоциологические исследования
_91773334
_3RU\NLR\auth\661091159
686 _aЧ632.0
702 1 _aШариков
_bА. В.
_gАлександр Вячеславович
_4220
712 0 2 _4570
_aВсероссийская государственная телевизионная и радиовещательная компания
_3RU\NLR\AUTH\8810009811
_9517365
801 0 _aRU
_bNLR
_c19990317
_gPSBO
801 1 _aRU
_bNLR
_c19990317
852 _aNLR
_j98-3/10748
942 _cBOOK
980 _aNB